Management accounting (Record no. 5308)
[ view plain ]
| 000 -LEADER | |
|---|---|
| fixed length control field | 00451cam a2200169ua 4500 |
| 008 - FIXED-LENGTH DATA ELEMENTS--GENERAL INFORMATION | |
| fixed length control field | 131125n ii |||gr||||Z||||||eng |
| 040 ## - CATALOGING SOURCE | |
| Transcribing agency | MAIN |
| 082 ## - DEWEY DECIMAL CLASSIFICATION NUMBER | |
| Classification number | 658.1511 |
| 245 ## - TITLE STATEMENT | |
| Title | Management accounting |
| Statement of responsibility, etc. | By N.P. Srinivasan |
| 260 ## - PUBLICATION, DISTRIBUTION, ETC. | |
| Place of publication, distribution, etc. | New Delhi: |
| Name of publisher, distributor, etc. | Sterling Publishers Private LTD, |
| Date of publication, distribution, etc. | 1988. |
| 300 ## - PHYSICAL DESCRIPTION | |
| Extent | x,664p. |
| 700 ## - ADDED ENTRY--PERSONAL NAME | |
| Personal name | Srinivasan,N.P., |
| Relator term | |
| 942 ## - ADDED ENTRY ELEMENTS (KOHA) | |
| Koha item type | Books |
| 653 ## - INDEX TERM--UNCONTROLLED | |
| Uncontrolled term | General management |
| 653 ## - INDEX TERM--UNCONTROLLED | |
| Uncontrolled term | Management Accounting |
| Withdrawn status | Lost status | Damaged status | Not for loan | Home library | Current library | Shelving location | Date acquired | Total Checkouts | Full call number | Barcode | Date last seen | Copy number | Price effective from | Koha item type |
|---|---|---|---|---|---|---|---|---|---|---|---|---|---|---|
| Central Library, Naharkatiya College | Central Library, Naharkatiya College | General Stacks | 19/09/2020 | 658.1511 | SRI | 13126 | 19/09/2020 | 1 | 19/09/2020 | Books |
